| 000 | 00772nam a2200313Ia 4500 | ||
|---|---|---|---|
| 008 | 171025s9999 xx 000 0 und d | ||
| 020 | _a1410904806 | ||
| 050 | _a612.3 | ||
| 050 | _bR892 2004 | ||
| 100 | _aRoyston, Angela | ||
| 245 | _aEating / | ||
| 245 | _cby Angela Royston. | ||
| 260 | _aChicago, Illinois : | ||
| 260 | _bRaintree, | ||
| 260 | _c2004 | ||
| 300 | _a32 pages : | ||
| 300 | _bcolor illustrations ; | ||
| 300 | _c27cm. | ||
| 440 | _aMy amazing body. | ||
| 500 | _aIncludes glossary and index. | ||
| 650 | _aDigestion -- | ||
| 650 | _aIndigestion -- | ||
| 650 | _aNutrition -- | ||
| 650 | _xJuvenile literature. | ||
| 650 | _xJuvenile literature. | ||
| 650 | _xJuvenile literature. | ||
| 700 | _aSeries. | ||
| 700 | _aTitle. | ||
| 999 |
_c344701 _d344701 |
||